000 00220nam a2200097Ia 4500
008 240331s9999 xx 000 0 und d
082 _a303.6
_bDES
100 _aDe Silva, K.M.
245 0 _aReaping the whirlwind
942 _cL
999 _c1254
_d1254